000 00242nam a2200097Ia 4500
001 819748
005 20250826171818.0
008 250824s9999 xx 000 0 und d
245 0 _aİNSAN NE İLE YAŞAR
_cTOLSTOY
260 _bKAYALIPARK YAYINLARI
999 _c819748
_d819748